<?xml version="1.0" encoding="UTF-8"?>
<record
    xmlns:xsi="http://www.w3.org/2001/XMLSchema-instance"
    xsi:schemaLocation="http://www.loc.gov/MARC21/slim http://www.loc.gov/standards/marcxml/schema/MARC21slim.xsd"
    xmlns="http://www.loc.gov/MARC21/slim">

  <leader>00435nam a22001697a 4500</leader>
  <controlfield tag="005">20240906095353.0</controlfield>
  <controlfield tag="008">160613b        xxu||||| |||| 00| 0 eng d</controlfield>
  <datafield tag="020" ind1=" " ind2=" ">
    <subfield code="a">978-1-25906253-7</subfield>
  </datafield>
  <datafield tag="041" ind1=" " ind2=" ">
    <subfield code="a">eng</subfield>
  </datafield>
  <datafield tag="082" ind1=" " ind2=" ">
    <subfield code="b">612.02</subfield>
  </datafield>
  <datafield tag="100" ind1=" " ind2=" ">
    <subfield code="a">LIPSCHUTZ, SEYMOUR AND LIPSON, MARC LARS</subfield>
    <subfield code="9">8511</subfield>
  </datafield>
  <datafield tag="245" ind1=" " ind2=" ">
    <subfield code="a">DISCRETE MATHEMATICS </subfield>
  </datafield>
  <datafield tag="260" ind1=" " ind2=" ">
    <subfield code="b">Mc Graw Hill</subfield>
    <subfield code="c">2006</subfield>
    <subfield code="a">NEW DELHI</subfield>
  </datafield>
  <datafield tag="300" ind1=" " ind2=" ">
    <subfield code="a">15.27;P</subfield>
  </datafield>
  <datafield tag="650" ind1=" " ind2=" ">
    <subfield code="a">MATHEMATICS</subfield>
    <subfield code="9">8512</subfield>
  </datafield>
  <datafield tag="942" ind1=" " ind2=" ">
    <subfield code="c">BK</subfield>
  </datafield>
  <datafield tag="999" ind1=" " ind2=" ">
    <subfield code="c">2469</subfield>
    <subfield code="d">2468</subfield>
  </datafield>
  <datafield tag="952" ind1=" " ind2=" ">
    <subfield code="0">0</subfield>
    <subfield code="1">0</subfield>
    <subfield code="4">0</subfield>
    <subfield code="7">0</subfield>
    <subfield code="8">CS/IT</subfield>
    <subfield code="a">JRU</subfield>
    <subfield code="b">JRU</subfield>
    <subfield code="c">SHELF-6-D</subfield>
    <subfield code="d">2016-06-13</subfield>
    <subfield code="e">PURCHASE</subfield>
    <subfield code="g">500.00</subfield>
    <subfield code="l">5</subfield>
    <subfield code="m">2</subfield>
    <subfield code="o">612.02</subfield>
    <subfield code="p">7106</subfield>
    <subfield code="r">2019-03-18 00:00:00</subfield>
    <subfield code="s">2019-02-23</subfield>
    <subfield code="w">2016-06-13</subfield>
    <subfield code="y">BK</subfield>
  </datafield>
  <datafield tag="952" ind1=" " ind2=" ">
    <subfield code="0">0</subfield>
    <subfield code="1">0</subfield>
    <subfield code="4">0</subfield>
    <subfield code="7">0</subfield>
    <subfield code="8">CS/IT</subfield>
    <subfield code="a">JRU</subfield>
    <subfield code="b">JRU</subfield>
    <subfield code="c">SHELF-57-D</subfield>
    <subfield code="d">2016-06-13</subfield>
    <subfield code="e">PURCHASE</subfield>
    <subfield code="g">500.00</subfield>
    <subfield code="l">34</subfield>
    <subfield code="m">8</subfield>
    <subfield code="o">612.02</subfield>
    <subfield code="p">7107</subfield>
    <subfield code="r">2026-05-11 11:57:09</subfield>
    <subfield code="s">2026-04-27</subfield>
    <subfield code="w">2016-06-13</subfield>
    <subfield code="y">BK</subfield>
  </datafield>
  <datafield tag="952" ind1=" " ind2=" ">
    <subfield code="0">0</subfield>
    <subfield code="1">0</subfield>
    <subfield code="4">0</subfield>
    <subfield code="7">0</subfield>
    <subfield code="8">CS/IT</subfield>
    <subfield code="a">JRU</subfield>
    <subfield code="b">JRU</subfield>
    <subfield code="c">SHELF-57-D</subfield>
    <subfield code="d">2016-06-13</subfield>
    <subfield code="e">PURCHASE</subfield>
    <subfield code="g">500.00</subfield>
    <subfield code="l">19</subfield>
    <subfield code="m">6</subfield>
    <subfield code="o">612.02</subfield>
    <subfield code="p">7108</subfield>
    <subfield code="r">2026-04-14 12:44:47</subfield>
    <subfield code="s">2026-04-07</subfield>
    <subfield code="w">2016-06-13</subfield>
    <subfield code="y">BK</subfield>
  </datafield>
  <datafield tag="952" ind1=" " ind2=" ">
    <subfield code="0">0</subfield>
    <subfield code="1">0</subfield>
    <subfield code="4">0</subfield>
    <subfield code="7">0</subfield>
    <subfield code="8">CS/IT</subfield>
    <subfield code="a">JRU</subfield>
    <subfield code="b">JRU</subfield>
    <subfield code="c">SHELF-57-D</subfield>
    <subfield code="d">2016-06-13</subfield>
    <subfield code="e">PURCHASE</subfield>
    <subfield code="g">500.00</subfield>
    <subfield code="l">32</subfield>
    <subfield code="m">9</subfield>
    <subfield code="o">612.02</subfield>
    <subfield code="p">7109</subfield>
    <subfield code="r">2026-03-24 08:22:38</subfield>
    <subfield code="s">2026-03-16</subfield>
    <subfield code="w">2016-06-13</subfield>
    <subfield code="y">BK</subfield>
  </datafield>
  <datafield tag="952" ind1=" " ind2=" ">
    <subfield code="0">0</subfield>
    <subfield code="1">0</subfield>
    <subfield code="4">0</subfield>
    <subfield code="7">0</subfield>
    <subfield code="8">CS/IT</subfield>
    <subfield code="a">JRU</subfield>
    <subfield code="b">JRU</subfield>
    <subfield code="c">SHELF-57-D</subfield>
    <subfield code="d">2016-06-13</subfield>
    <subfield code="e">PURCHASE</subfield>
    <subfield code="g">500.00</subfield>
    <subfield code="l">37</subfield>
    <subfield code="m">10</subfield>
    <subfield code="o">612.02</subfield>
    <subfield code="p">7110</subfield>
    <subfield code="r">2026-04-22 10:10:46</subfield>
    <subfield code="s">2026-04-16</subfield>
    <subfield code="w">2016-06-13</subfield>
    <subfield code="y">BK</subfield>
  </datafield>
</record>
